000
00244nam a22001337a 4500
020
_a
0
041
_a
ENG
100
_a
Journal
245
_a
Maeers Mit Pune
260
_a
Pune
_b
Pune
_c
1996
300
_a
161
650
_a
GAE
856
_u
GAE
999
_c
294
_d
294